00942 2200181 4500245007600000020002200076250001100098100002700109700002500136650002800161005001900189260004200208041001400250084001000264300003200274500044500306336000900751 aM. F. Siregar Matahari Olahraga IndonesiacBrigitta Isworo LaksmihText a978-979-709-388-4 aCet. 1 aBrigitta Isworo Laksmi aPrimastuti Handayani aBiografi Tokoh Olahraga a20230927070450 aJakartabKompas Media Nusantarac2008 aIndonesia a927.9 axxxviii, 298 hlm. :c21 cm. aBuku ini menceritakan kiprah perjalanan hidup M.F. Siregar yang diawali kegemarannya berolahraga sejak kecil. Berbekal pengetahuannya dari Akademi Pendidikan Djasmani dan Springfield College, Amerika Serikat, ia banyak melontarkan gagasan pengembangan olahraga Indonesia. Seperti mengadakan pelatnas, mengusulkan pasal Ganefo agar dicabut, menggagas konsep Panji Olahraga, dan selalu mendorong pengembangan olahraga dengan pendekatan iptek. atext